000 00671nam a2200229 i 4500
001 C2-0181560
003 PPAK
005 20180728095355.0
008 981031s1995 my |||| ||||| | may d
040 _aPPAK
_beng
_cPPAK
_erda
082 0 4 _a657.4509595
_2 23
090 0 0 _a657.4509595
_bBAB
_dG
100 1 _aBaby, T. OOmmen,
_eauthor
245 1 0 _aAudit khusus :
_bpenekanan terhadap suasana di Malaysia
264 1 _aKuala Lumpur :
_bDewan Bahasa dan Pustaka ,
_c1995
300 _axvii, 366 pages ;
_c22 cm
336 _2rdacontent
_atext
337 _2rdamedia
_aunmediated
338 _2rdacarrier
_avolume
650 1 0 _aAuditing - Malaysia
942 _ddc
_cB
999 _c156005
_d156005